Keys to soil taxonomy
Guardat en:
| Autor corporatiu: | |
|---|---|
| Format: | Llibre |
| Idioma: | anglès |
| Publicat: |
Washington, D.C
United States Department of Agriculture. Natural Resources Conservation Service
2006
|
| Edició: | 10a. ed |
| Matèries: | |
| Etiquetes: |
Afegir etiqueta
Sense etiquetes, Sigues el primer a etiquetar aquest registre!
|
MARC
| LEADER | 00000nam a2200000 a 4500 | ||
|---|---|---|---|
| 001 | UCG7337 | ||
| 003 | CL-VaPUC | ||
| 008 | 110727e20060000US |||||||||||||||||eng|d | ||
| 082 | 0 | 4 | |a 631.44 |b SOI |2 21 |
| 110 | 2 | |a Soil Survey Staff |e author |9 558043 | |
| 245 | 1 | 0 | |a Keys to soil taxonomy |
| 250 | |a 10a. ed | ||
| 300 | |a 332 p | ||
| 942 | |c BK | ||
| 945 | |d 20110727 00:00:00 |a dcastane | ||
| 260 | |a Washington, D.C |b United States Department of Agriculture. Natural Resources Conservation Service |c 2006 | ||
| 650 | 7 | |a CLASIFICACION DE SUELOS |2 CL-VaPUC |9 558044 | |
| 650 | 7 | |a TAXONOMIA DE SUELOS |2 CL-VaPUC |9 465497 | |
| 650 | 0 | |a Suelos |9 260322 | |
| 583 | |a last modification |c 20110727 00:00:00 |k Rodrigo Vera | ||
| 999 | |c 345363 |d 345361 | ||
| 952 | |0 0 |1 0 |4 0 |6 631_440000000000000_SOI_2006 |7 0 |8 A |9 444002 |a BIBAGR |b BIBAGR |d 2019-11-22 |i 4787781 |o 631.44 SOI 2006 |p 4787781 |r 2025-01-20 |w 2019-11-22 |y BK |k AGR | ||